Estm̕ulos fiscales y su tratamiento para efectos del impuesto sobre la renta

Detalles Bibliográficos
Autor principal: Durǹ Becerra, Agustn̕
Otros Autores: Flores Zavala Puente, Paulina
Formato: Desconocido
Lenguaje:español
Publicado: Mx̌ico : Instituto Mexicano de Contadores Pb︢licos, 2009
Materias:
Acceso en línea:Acceso restringido

MARC

LEADER 00000ny a22000003n 4500
005 20110621124257.0
008 071017c2010 mx mr pss 0 a0spa d
022 |a 9786077620235 
035 |a 5265 
040 |a BUS  |d vlex 
090 |c 1265  |d 1265 
100 1 |a Durǹ Becerra, Agustn̕ 
245 3 0 |a Estm̕ulos fiscales y su tratamiento para efectos del impuesto sobre la renta  |h [Recurso electrn̤ico]  |c Agustn̕ Durǹ Becerra, Paulina Flores Zavala Puente  
256 |a Servicio en ln̕ea 
260 |a Mx̌ico :  |b Instituto Mexicano de Contadores Pb︢licos,  |c 2009 
506 1 |a Contenido solo disponible en los productos indicados  |d vLex Global  |d vLex Global (Academic Edition, excluding Law Schools)  |d vLex Global (U.S. Academic Edition, Law Schools)  |d vLex Global (U.S. Academic Edition, excluding Law Schools)  |d vLex Global (Academic Edition, Law Schools) 
650 0 4 |a Impuesto 
700 1 |a Flores Zavala Puente, Paulina 
740 0 |a vLex Libros (Servicios en ln̕ea) 
856 4 0 |u http://vlex.com/source/5265  |z Acceso restringido 
942 |c BOOK